AEW Roster - Statistics

General Stats
  • This quiz has been taken 414 times
  • The average score is 14 of 52
Answer Stats
Answer % Correct
Chris Jericho
82%
Kenny Omega
81%
Cody
76%
Jon Moxley
68%
Matt Jackson
66%
Nick Jackson
65%
Dustin
58%
MJF
50%
Darby Allin
44%
"Hangman" Adam Page
44%
PAC
44%
Jungle Boy
42%
Sammy Guevara
42%
Orange Cassidy
38%
Brandi Rhodes
33%
Christopher Daniels
33%
Frankie Kazarian
33%
Scorpio Sky
33%
Nyla Rose
32%
Pentagon Jr.
32%
Fénix
28%
Kip Sabian
28%
Joey Janela
26%
Shawn Spears
24%
Hikaru Shida
20%
Penelope Ford
20%
Dr. Britt Baker
19%
Jimmy Havoc
19%
Billy Gunn
15%
Brandon Cutler
15%
Angelico
13%
Peter Avalon
13%
Jack Evans
12%
Allie
11%
CIMA
11%
Chuckie T
10%
Michael Nakazawa
10%
Private Party
10%
Kylie Rae
9%
Leva Bates
9%
Trent Barreta
8%
Bea Priestly
7%
Luchasauras
6%
Aja Kong
5%
Yuka Sakazaki
5%
Brian Pillman Jr.
4%
Ace Romero
2%
Dustin Thomas
2%
Glacier
2%
Jerry Lynn
2%
Sonny Rose
1%
Sunny Daze
1%
No matching quizzes found
Score Distribution
Percent of People with Each Score
Percentile by Number Answered
Your Score History
You have not taken this quiz